000 00224nam a22001097a 4500
040 _c301
082 _a301 JAN 1980 C083
100 _aJANE L. THOMPSON
245 _aExamining sociology
260 _aPhnom Phen
942 _cEK
999 _c11040
_d11040